Keeper of the Lost Cities - Statistics

General Stats
  • This quiz has been taken 1,056 times
  • The average score is 11 of 15
Answer Stats
Hint Answer % Correct
Alden's son Fitz
99%
Color of Sophie's eyes brown
97%
Mallow_______ melt
87%
rival group neverseen
87%
group sophie's in black swan
86%
sophie's 1st kiss dex
86%
name of author shannon messenger
86%
name of sophie's school foxfire
80%
Keefe's dad lord cassius
77%
names of sophie's adoptive parents grady and edaline
64%
name of 6th book nightfall
62%
name of 7th book Flashback
61%
Calla's _______ tree panakes
59%
what is the last line of book 6 [ 2 words] who's alvar
23%
sophies sister amy or natalie
5%
No matching quizzes found
Score Distribution
Percent of People with Each Score
Percentile by Number Answered
Your Score History
You have not taken this quiz